000 00719nam a2200217Ia 4500
005 20241129110943.0
008 241129s9999||||xx |||||||||||||| ||und||
020 _a978-93-91844-03-5
037 _aREF
040 _aCRL
_beng
_cCRL
041 _aeng
_2eng
084 _aY:351 R2.1-.2(RR)
_qCRL
100 _aChaudhari Sarita Kumar Ed.; Basu Sarmistha De Ed.; Basu Arpita Ed.
245 0 _aCultural exchange through folklore
_cChaudhari Sarita Kumar Ed.; Basu Sarmistha De Ed.; Basu Arpita Ed.
260 _aNew Delhi, India
_bSerials Publications
_c2022
365 _aINR
_b4995
490 _vVol. 1
650 _aSociologyFolklore
942 _cREF
_hY:351 R2.1-.2(RR)
999 _c1228259
_d1228259